| 000 | 00730nam a22002297a 4500 | ||
|---|---|---|---|
| 003 | BUBTL | ||
| 008 | 221031b ||||| |||| 00| 0 eng d | ||
| 020 | _a9780393976151 | ||
| 082 | _a822.3'3/ Sh152o/ 2004 | ||
| 100 |
_91992 _aShakespeare, William |
||
| 245 |
_aOthello: _bAuthoritative Text Sources and Contexts Criticism/ _cWilliam Shakespeare |
||
| 250 | _a1st Edn | ||
| 260 |
_aNew York: _bW. W. Norton & Company _cc2004 |
||
| 300 |
_axvii, 407 p.: _c21 cm. |
||
| 440 |
_94237 _aA Norton Critical Edition. |
||
| 505 | _aOthello, William Shakespeare | ||
| 650 | 0 |
_91994 _aEnglish Literature |
|
| 700 |
_94807 _aPechter, Edward |
||
| 856 |
_k0 _l0 _yDownload |
||
| 942 |
_2ddc _cBK |
||
| 999 |
_c6772 _d6772 |
||